000 00328nam a2200133Ia 4500
005 20260326100034.0
008 260326s9999||||xx |||||||||||||| ||und||
100 _aVilimkova, Milada
245 0 _aEl Arte Egipcio /
_cMilada Vilimkova
260 _bFondo de Cultura Económica
300 _a117 p.
650 _aARTE
942 _cBK
999 _c6742
_d6742